| 000 | 00860cam a2200277 4500 | ||
|---|---|---|---|
| 008 | 090401t1996 xxu||||| |||| 00| 0 eng d | ||
| 020 | _a011753210X | ||
| 035 | _a(Sirsi) u87867 | ||
| 041 | _aeng | ||
| 050 | _a614.76 | ||
| 110 |
_aUnited Kingdom _bDepartment of the Environment _9982 |
||
| 245 | _aEnvironmental Protection Act 1990 section 34 : waste management the duty of care : a code of practice. | ||
| 260 |
_aLondon _bHMSO _c1996 |
||
| 300 | _a65p. ; 30cm. | ||
| 350 | _a7.5 | ||
| 650 | _aCODE OF PRACTICE | ||
| 650 | _aDUTY OF CARE | ||
| 650 | _aENVIRONMENTAL PROTECTION ACT 1990 S34 | ||
| 650 | _aWASTE DISPOSAL | ||
| 650 | _aWASTE MANAGEMENT | ||
| 690 | _aENVIRONMENTAL AND LAND CONSULTANCY | ||
| 710 |
_aUnited Kingdom _bScottish Office _91510 |
||
| 710 |
_aUnited Kingdom _bWelsh Office _91214 |
||
| 942 | _n0 | ||
| 948 | _c04/03/1997 | ||
| 999 |
_c97273 _d97273 |
||